00369pab a2200121 454500008004000000100002200040245010800062260000900170300001300179362000800192650001700200773003000217180718b2005 xxu||||| |||| 00| 0 eng d aOwen-Smith, Jason aDockets, deals, and sagas: commensuration and the rationalization of experience in university licensing c2005 ap.69-97. aFeb aUniversities aSocial Studies of Science